[Event "DEM U8 2025"]
[Site "Willingen GER"]
[Date "2025.06.13"]
[Round "6"]
[White "Dimitrov, Simeon"]
[Black "Breaz, Arthur"]
[Result "0-1"]
[Termination "normal"]
[Board "16"]
[WhiteElo "992"]
[BlackElo "1409"]
[WhiteClock "00:17:55"]
[BlackClock "00:22:59"]
[PlyCount "106"]
[WhiteFideId "533028214"]
[BlackFideId "42217008"]
[EventCountry "GER"]
[EventRounds "7"]
[EventType "swiss"]
[EventDate "2025.06.10"]

1. e4 {[%clk 01:00:26]} {[%emt 00:00:04]} e5 {[%clk 01:00:20]} {[%emt
00:00:11]} 2. d4 {[%clk 01:00:12]} {[%emt 00:00:29]} exd4 {[%clk 01:00:16]}
{[%emt 00:00:19]} 3. c3 {[%clk 00:59:40]} {[%emt 00:00:47]} dxc3 {[%clk
01:00:07]} {[%emt 00:00:25]} 4. Bc4 {[%clk 00:59:42]} {[%emt 00:00:09]} Bc5
{[%clk 00:59:22]} {[%emt 00:01:03]} 5. Nf3 {[%clk 00:59:24]} {[%emt 00:00:28]}
Nc6 {[%clk 00:59:10]} {[%emt 00:00:33]} 6. Nxc3 {[%emt 00:00:47]} Nge7 {[%clk
00:58:46]} {[%emt 00:00:37]} 7. Bg5 {[%clk 00:57:38]} {[%emt 00:01:21]} h6
{[%clk 00:56:02]} {[%emt 00:03:09]} 8. Bd2 {[%clk 00:55:40]} {[%emt 00:02:12]}
d6 {[%clk 00:54:16]} {[%emt 00:02:02]} 9. O-O {[%clk 00:53:30]} {[%emt
00:02:25]} Bg4 {[%clk 00:54:07]} {[%emt 00:00:25]} 10. Nd5 {[%clk 00:52:27]}
{[%emt 00:01:18]} O-O {[%clk 00:52:35]} {[%emt 00:01:47]} 11. Bc3 {[%clk
00:51:11]} {[%emt 00:01:28]} Ng6 {[%clk 00:47:26]} {[%emt 00:05:26]} 12. b3
{[%clk 00:47:05]} {[%emt 00:04:20]} Nh4 {[%clk 00:46:21]} {[%emt 00:01:22]} 13.
Be2 {[%clk 00:45:27]} {[%emt 00:01:53]} Bxf3 {[%clk 00:40:04]} {[%emt
00:06:32]} 14. Bxf3 {[%clk 00:44:26]} {[%emt 00:01:15]} Rc8 {[%clk 00:38:15]}
{[%emt 00:02:04]} 15. Bg4 {[%emt 00:01:43]} Qg5 {[%clk 00:37:42]} 16. Bd2
{[%clk 00:41:51]} {[%emt 00:02:09]} Qg6 {[%clk 00:35:53]} {[%emt 00:02:05]} 17.
Ba5 {[%clk 00:40:19]} {[%emt 00:01:45]} Qxe4 {[%clk 00:34:46]} {[%emt
00:01:25]} 18. Bf3 {[%clk 00:39:01]} {[%emt 00:01:19]} Nxf3+ {[%clk 00:34:58]}
{[%emt 00:00:16]} 19. Qxf3 {[%clk 00:37:03]} {[%emt 00:02:12]} Qxf3 {[%clk
00:35:09]} {[%emt 00:00:06]} 20. gxf3 {[%clk 00:36:01]} {[%emt 00:01:16]} Nxa5
{[%emt 00:01:11]} 21. Ne7+ {[%clk 00:35:42]} {[%emt 00:00:32]} Kh8 {[%clk
00:34:13]} {[%emt 00:00:18]} 22. Nxc8 {[%clk 00:34:19]} {[%emt 00:01:37]} Rxc8
{[%clk 00:33:44]} {[%emt 00:00:45]} 23. Rab1 {[%clk 00:33:43]} {[%emt
00:00:51]} Nc6 {[%clk 00:32:46]} {[%emt 00:01:13]} 24. a3 {[%emt 00:01:58]} Nd4
{[%emt 00:00:15]} 25. Kg2 {[%clk 00:30:49]} {[%emt 00:00:56]} Bxa3 {[%clk
00:32:27]} {[%emt 00:00:35]} 26. Ra1 {[%clk 00:29:32]} {[%emt 00:01:31]} Bc5
{[%clk 00:31:12]} {[%emt 00:01:31]} 27. Rfb1 {[%clk 00:28:29]} {[%emt
00:01:17]} Re8 {[%clk 00:30:16]} {[%emt 00:01:11]} 28. b4 {[%clk 00:27:24]}
{[%emt 00:01:22]} Bb6 {[%clk 00:30:13]} {[%emt 00:00:18]} 29. Re1 {[%clk
00:26:55]} {[%emt 00:00:42]} Rxe1 {[%clk 00:29:43]} {[%emt 00:00:46]} 30. Rxe1
{[%clk 00:26:50]} {[%emt 00:00:20]} Nc2 {[%emt 00:02:10]} 31. Re8+ {[%clk
00:25:19]} Kh7 {[%clk 00:28:56]} {[%emt 00:00:52]} 32. Rb8 {[%clk 00:24:34]}
{[%emt 00:00:59]} Nxb4 {[%clk 00:28:35]} {[%emt 00:00:36]} 33. Rxb7 {[%clk
00:24:10]} {[%emt 00:00:39]} d5 {[%clk 00:27:23]} {[%emt 00:01:28]} 34. Rb8
{[%clk 00:22:51]} {[%emt 00:01:34]} c5 {[%clk 00:25:57]} {[%emt 00:01:40]} 35.
Re8 {[%clk 00:22:38]} {[%emt 00:00:27]} c4 {[%clk 00:25:43]} {[%emt 00:00:30]}
36. Re1 {[%clk 00:22:39]} {[%emt 00:00:12]} Bxf2 {[%clk 00:24:47]} {[%emt
00:01:13]} 37. Re2 {[%clk 00:21:51]} {[%emt 00:00:53]} Bb6 {[%clk 00:24:41]}
{[%emt 00:00:31]} 38. Rb2 {[%clk 00:21:38]} {[%emt 00:00:25]} c3 {[%clk
00:24:15]} {[%emt 00:00:44]} 39. Rb3 {[%clk 00:19:48]} {[%emt 00:02:04]} c2
{[%clk 00:23:42]} {[%emt 00:00:49]} 40. Rc3 {[%clk 00:19:44]} {[%emt 00:00:16]}
Be3 {[%clk 00:23:50]} {[%emt 00:00:10]} 41. Kf1 {[%clk 00:19:11]} {[%emt
00:00:46]} c1=Q+ {[%emt 00:00:16]} 42. Rxc1 {[%clk 00:19:13]} {[%emt 00:00:11]}
Bxc1 {[%clk 00:24:01]} {[%emt 00:00:05]} 43. Ke1 {[%clk 00:19:12]} {[%emt
00:00:17]} a5 {[%clk 00:24:08]} {[%emt 00:00:09]} 44. Kd1 {[%clk 00:19:08]}
{[%emt 00:00:12]} Bf4 {[%clk 00:24:21]} {[%emt 00:00:09]} 45. Ke2 {[%clk
00:18:45]} {[%emt 00:00:35]} a4 {[%clk 00:24:33]} {[%emt 00:00:06]} 46. Kf2
{[%clk 00:18:45]} {[%emt 00:00:13]} a3 {[%clk 00:24:36]} {[%emt 00:00:14]} 47.
Kg2 {[%clk 00:18:43]} {[%emt 00:00:17]} a2 {[%clk 00:24:44]} {[%emt 00:00:08]}
48. Kh3 {[%clk 00:18:50]} {[%emt 00:00:06]} a1=Q {[%clk 00:24:49]} {[%emt
00:00:11]} 49. Kg4 {[%clk 00:18:52]} {[%emt 00:00:11]} Nd3 {[%emt 00:01:13]}
50. Kh3 {[%clk 00:18:49]} Qb2 {[%clk 00:23:06]} {[%emt 00:01:18]} 51. Kh4
{[%clk 00:18:29]} {[%emt 00:00:34]} f5 {[%clk 00:22:41]} {[%emt 00:00:42]} 52.
h3 {[%clk 00:18:16]} {[%emt 00:00:21]} Qf2+ {[%clk 00:22:48]} {[%emt 00:00:14]}
53. Kh5 {[%clk 00:17:55]} {[%emt 00:00:35]} g6# {[%clk 00:22:59]} {[%emt
00:00:05]} 0-1

[Event "DEM U8 2025"]
[Site "Willingen GER"]
[Date "2025.06.13"]
[Round "6"]
[White "Geiß, Janus Michael"]
[Black "Komar, Mykhail"]
[Result "1-0"]
[Termination "normal"]
[Board "17"]
[WhiteElo "1000"]
[BlackElo "1462"]
[WhiteClock "00:56:25"]
[BlackClock "00:47:50"]
[PlyCount "83"]
[BlackFideId "533021864"]
[EventCountry "GER"]
[EventRounds "7"]
[EventType "swiss"]
[EventDate "2025.06.10"]

1. e4 {[%clk 01:00:29]} {[%emt 00:00:01]} e6 {[%clk 01:00:26]} {[%emt
00:00:04]} 2. d4 {[%clk 01:00:39]} {[%emt 00:00:05]} d5 {[%clk 01:00:33]}
{[%emt 00:00:08]} 3. e5 {[%clk 01:00:49]} {[%emt 00:00:05]} c5 {[%clk
01:00:40]} {[%emt 00:00:08]} 4. c3 {[%clk 01:00:58]} {[%emt 00:00:06]} Nc6
{[%clk 01:00:50]} {[%emt 00:00:05]} 5. Nf3 {[%clk 01:01:02]} {[%emt 00:00:11]}
Qb6 {[%clk 01:01:00]} {[%emt 00:00:06]} 6. Be2 {[%clk 01:00:15]} {[%emt
00:01:02]} Bd7 {[%clk 01:00:59]} {[%emt 00:00:15]} 7. O-O {[%clk 01:00:17]}
{[%emt 00:00:13]} O-O-O {[%clk 01:01:03]} {[%emt 00:00:11]} 8. Qb3 {[%emt
00:01:25]} Qxb3 {[%clk 01:00:55]} {[%emt 00:00:05]} 9. axb3 {[%clk 00:59:31]}
{[%emt 00:00:09]} Nge7 {[%clk 01:00:53]} {[%emt 00:00:16]} 10. Bb5 {[%clk
00:58:59]} {[%emt 00:00:47]} Nxe5 {[%clk 01:00:31]} {[%emt 00:00:37]} 11. Nxe5
{[%clk 00:59:05]} {[%emt 00:00:10]} Bxb5 {[%clk 01:00:33]} {[%emt 00:00:13]}
12. Nxf7 {[%clk 00:59:12]} {[%emt 00:00:07]} Bxf1 {[%clk 01:00:39]} {[%emt
00:00:09]} 13. Kxf1 {[%clk 00:59:22]} {[%emt 00:00:03]} Rg8 {[%clk 01:00:23]}
{[%emt 00:00:33]} 14. Nxd8 {[%clk 00:59:32]} {[%emt 00:00:06]} Kxd8 {[%emt
00:00:14]} 15. dxc5 {[%clk 00:59:26]} {[%emt 00:00:19]} Nc6 {[%clk 01:00:26]}
{[%emt 00:00:15]} 16. b4 {[%clk 00:59:33]} {[%emt 00:00:07]} a6 {[%clk
01:00:07]} {[%emt 00:00:35]} 17. Be3 {[%clk 00:58:56]} {[%emt 00:00:52]} Kc7
{[%clk 00:59:40]} {[%emt 00:00:42]} 18. Nd2 {[%clk 00:58:59]} {[%emt 00:00:12]}
Ne5 {[%clk 00:59:34]} {[%emt 00:00:21]} 19. Bf4 {[%clk 00:58:51]} {[%emt
00:00:22]} Bd6 {[%clk 00:59:29]} {[%emt 00:00:20]} 20. cxd6+ {[%clk 00:58:55]}
{[%emt 00:00:11]} Kxd6 {[%clk 00:59:32]} {[%emt 00:00:11]} 21. Nf3 {[%clk
00:59:03]} {[%emt 00:00:08]} Rc8 {[%clk 00:59:05]} {[%emt 00:00:42]} 22. Bxe5+
{[%clk 00:58:58]} {[%emt 00:00:21]} Ke7 {[%clk 00:59:01]} {[%emt 00:00:18]} 23.
Bxg7 {[%clk 00:59:04]} {[%emt 00:00:10]} Rg8 {[%clk 00:58:54]} {[%emt
00:00:21]} 24. Be5 {[%clk 00:58:53]} {[%emt 00:00:25]} Kf7 {[%clk 00:58:39]}
{[%emt 00:00:31]} 25. b3 {[%clk 00:58:35]} {[%emt 00:00:34]} Kg6 {[%clk
00:58:16]} {[%emt 00:00:37]} 26. c4 {[%clk 00:58:37]} {[%emt 00:00:14]} Kf5
{[%clk 00:58:09]} {[%emt 00:00:21]} 27. Re1 {[%clk 00:58:25]} {[%emt 00:00:27]}
Rc8 {[%clk 00:58:01]} {[%emt 00:00:23]} 28. cxd5 {[%clk 00:58:17]} {[%emt
00:00:56]} exd5 {[%emt 00:00:10]} 29. Nd4+ {[%emt 00:00:32]} Kg6 {[%clk
00:57:34]} {[%emt 00:00:27]} 30. Ke2 {[%clk 00:57:49]} {[%emt 00:00:44]} Rc3
{[%clk 00:57:20]} {[%emt 00:00:28]} 31. Kd2 {[%clk 00:57:27]} {[%emt 00:00:37]}
Rc8 {[%clk 00:55:41]} {[%emt 00:00:35]} 32. f4 {[%clk 00:56:56]} {[%emt
00:02:06]} Ra8 {[%clk 00:50:26]} {[%emt 00:05:29]} 33. f5+ {[%clk 00:57:03]}
{[%emt 00:00:27]} Kf7 {[%clk 00:49:42]} {[%emt 00:01:10]} 34. f6 {[%clk
00:57:06]} {[%emt 00:00:15]} a5 {[%clk 00:49:09]} {[%emt 00:00:47]} 35. bxa5
{[%clk 00:57:16]} {[%emt 00:00:05]} Rxa5 {[%clk 00:48:51]} {[%emt 00:00:33]}
36. Nf5 {[%clk 00:57:10]} {[%emt 00:00:21]} Rb5 {[%clk 00:48:16]} {[%emt
00:00:50]} 37. Nd6+ {[%clk 00:57:12]} {[%emt 00:00:13]} Kf8 {[%clk 00:47:54]}
{[%emt 00:00:35]} 38. Nxb5 {[%clk 00:55:44]} {[%emt 00:01:45]} h5 {[%clk
00:47:43]} {[%emt 00:00:26]} 39. Nd6 {[%clk 00:56:03]} {[%emt 00:00:12]} h4
{[%clk 00:48:03]} {[%emt 00:00:08]} 40. f7 {[%clk 00:56:10]} {[%emt 00:00:08]}
b5 {[%clk 00:48:06]} {[%emt 00:00:12]} 41. Bf6 {[%clk 00:56:18]} {[%emt
00:00:07]} h3 {[%clk 00:47:50]} {[%emt 00:00:31]} 42. Re8# {[%clk 00:56:25]}
{[%emt 00:00:08]} 1-0

[Event "DEM U8 2025"]
[Site "Willingen GER"]
[Date "2025.06.13"]
[Round "6"]
[White "Nilov, Nikita"]
[Black "Falck, Aaron"]
[Result "1-0"]
[Termination "normal"]
[Board "18"]
[WhiteElo "1046"]
[BlackElo "989"]
[WhiteClock "00:25:14"]
[BlackClock "00:17:48"]
[PlyCount "139"]
[BlackFideId "533031002"]
[EventCountry "GER"]
[EventRounds "7"]
[EventType "swiss"]
[EventDate "2025.06.10"]

1. d4 {[%clk 01:00:29]} d5 {[%clk 01:00:23]} {[%emt 00:00:07]} 2. c4 {[%clk
01:00:37]} {[%emt 00:00:07]} e6 {[%clk 01:00:32]} {[%emt 00:00:07]} 3. Nf3
{[%clk 01:00:42]} {[%emt 00:00:09]} Nf6 {[%clk 00:59:57]} {[%emt 00:00:50]} 4.
Nc3 {[%clk 01:00:39]} {[%emt 00:00:17]} Nc6 {[%clk 00:59:53]} {[%emt 00:00:19]}
5. Bf4 {[%clk 01:00:34]} {[%emt 00:00:19]} Bb4 {[%clk 00:58:51]} {[%emt
00:01:17]} 6. a3 {[%clk 01:00:32]} {[%emt 00:00:18]} Bxc3+ {[%clk 00:58:47]}
{[%emt 00:00:19]} 7. bxc3 {[%clk 01:00:33]} {[%emt 00:00:13]} O-O {[%clk
00:58:47]} {[%emt 00:00:16]} 8. e3 {[%clk 01:00:36]} {[%emt 00:00:11]} b6
{[%clk 00:58:49]} {[%emt 00:00:14]} 9. cxd5 {[%clk 01:00:17]} {[%emt 00:00:34]}
exd5 {[%clk 00:58:36]} {[%emt 00:00:28]} 10. Bd3 {[%clk 01:00:09]} {[%emt
00:00:21]} Be6 {[%clk 00:53:28]} {[%emt 00:05:24]} 11. Qc2 {[%clk 00:59:58]}
{[%emt 00:00:26]} Ne7 {[%clk 00:52:43]} {[%emt 00:00:59]} 12. Bg5 {[%clk
00:59:14]} {[%emt 00:01:00]} Ng6 {[%clk 00:52:33]} {[%emt 00:00:26]} 13. Ne5
{[%clk 00:59:01]} {[%emt 00:00:28]} h6 {[%clk 00:49:32]} {[%emt 00:03:17]} 14.
Nxg6 {[%clk 00:57:45]} {[%emt 00:01:28]} fxg6 {[%clk 00:49:26]} {[%emt
00:00:23]} 15. Bh4 {[%clk 00:57:10]} {[%emt 00:00:36]} g5 {[%clk 00:49:09]}
{[%emt 00:00:45]} 16. Bg3 {[%clk 00:56:45]} {[%emt 00:00:39]} h5 {[%clk
00:47:43]} {[%emt 00:01:43]} 17. c4 {[%clk 00:55:52]} {[%emt 00:01:08]} h4
{[%clk 00:46:20]} {[%emt 00:01:37]} 18. Be5 {[%clk 00:55:17]} {[%emt 00:00:47]}
Rc8 {[%clk 00:44:01]} {[%emt 00:02:36]} 19. f3 {[%clk 00:53:58]} {[%emt
00:01:33]} Re8 {[%clk 00:43:12]} {[%emt 00:01:06]} 20. O-O {[%clk 00:53:03]}
{[%emt 00:01:10]} Bd7 {[%clk 00:43:13]} {[%emt 00:00:13]} 21. e4 {[%clk
00:52:07]} {[%emt 00:01:10]} dxe4 {[%clk 00:42:28]} {[%emt 00:01:01]} 22. fxe4
{[%clk 00:51:46]} {[%emt 00:00:36]} c5 {[%clk 00:42:20]} {[%emt 00:00:23]} 23.
Bxf6 {[%clk 00:51:17]} {[%emt 00:00:42]} gxf6 {[%clk 00:41:42]} {[%emt
00:00:57]} 24. d5 {[%clk 00:50:59]} {[%emt 00:00:31]} Qc7 {[%clk 00:37:20]}
{[%emt 00:04:38]} 25. Rxf6 {[%clk 00:50:07]} {[%emt 00:01:04]} Qe5 {[%clk
00:36:41]} {[%emt 00:00:57]} 26. Raf1 {[%clk 00:49:48]} {[%emt 00:00:30]} Qd4+
{[%clk 00:34:54]} {[%emt 00:02:05]} 27. Kh1 {[%clk 00:49:02]} {[%emt 00:01:00]}
Ba4 {[%clk 00:34:33]} {[%emt 00:00:38]} 28. Qc1 {[%clk 00:47:49]} {[%emt
00:01:26]} Re5 {[%clk 00:31:56]} {[%emt 00:02:54]} 29. R1f5 {[%clk 00:46:12]}
{[%emt 00:01:27]} Rxf5 {[%clk 00:29:41]} {[%emt 00:02:54]} 30. Rxf5 {[%clk
00:45:24]} {[%emt 00:01:01]} Rc7 {[%clk 00:29:19]} {[%emt 00:00:40]} 31. Qf1
{[%clk 00:41:15]} {[%emt 00:04:23]} Qg7 {[%clk 00:28:44]} {[%emt 00:00:50]} 32.
h3 {[%clk 00:40:01]} {[%emt 00:01:29]} Rf7 {[%clk 00:27:34]} {[%emt 00:01:25]}
33. Rxf7 {[%clk 00:39:43]} {[%emt 00:00:32]} Qxf7 {[%clk 00:27:22]} {[%emt
00:00:30]} 34. Qxf7+ {[%clk 00:39:50]} {[%emt 00:00:07]} Kxf7 {[%clk 00:27:14]}
{[%emt 00:00:23]} 35. e5 {[%clk 00:39:45]} {[%emt 00:00:16]} Ke7 {[%clk
00:26:41]} {[%emt 00:00:52]} 36. Kh2 {[%clk 00:39:41]} {[%emt 00:00:18]} Kd7
{[%clk 00:26:04]} {[%emt 00:00:53]} 37. g3 {[%clk 00:39:31]} {[%emt 00:00:24]}
hxg3+ {[%clk 00:25:19]} {[%emt 00:00:32]} 38. Kxg3 {[%clk 00:39:01]} {[%emt
00:01:13]} Bd1 {[%clk 00:25:00]} {[%emt 00:00:35]} 39. h4 {[%clk 00:38:45]}
{[%emt 00:00:30]} gxh4+ {[%clk 00:23:58]} {[%emt 00:01:19]} 40. Kxh4 {[%clk
00:38:29]} {[%emt 00:00:28]} Bb3 {[%clk 00:23:57]} {[%emt 00:00:19]} 41. d6
{[%clk 00:38:01]} {[%emt 00:00:40]} b5 {[%clk 00:23:27]} {[%emt 00:00:48]} 42.
Bh7 {[%clk 00:36:39]} {[%emt 00:01:36]} bxc4 {[%clk 00:23:03]} {[%emt
00:00:41]} 43. Bg8 {[%clk 00:36:32]} {[%emt 00:00:18]} Ba2 {[%clk 00:22:10]}
{[%emt 00:01:12]} 44. Bh7 {[%clk 00:35:15]} {[%emt 00:01:29]} c3 {[%clk
00:21:56]} {[%emt 00:00:32]} 45. Bc2 {[%clk 00:35:11]} {[%emt 00:00:19]} c4
{[%clk 00:21:10]} {[%emt 00:01:02]} 46. Bf5+ {[%clk 00:34:33]} {[%emt
00:00:53]} Kd8 {[%clk 00:20:49]} {[%emt 00:00:36]} 47. e6 {[%clk 00:34:12]}
{[%emt 00:00:35]} Bb3 {[%clk 00:20:53]} 48. e7+ {[%clk 00:34:10]} {[%emt
00:00:29]} Ke8 {[%emt 00:01:18]} 49. Bg6+ Kd7 {[%clk 00:19:51]} {[%emt
00:00:30]} 50. e8=Q+ {[%emt 00:00:13]} Kxd6 {[%emt 00:00:20]} 51. Qe2 {[%clk
00:32:04]} {[%emt 00:01:43]} Kd5 {[%clk 00:19:35]} {[%emt 00:00:34]} 52. Bf7+
{[%clk 00:31:36]} {[%emt 00:00:45]} Kd4 {[%clk 00:19:28]} {[%emt 00:00:21]} 53.
Kg4 {[%clk 00:30:53]} {[%emt 00:00:56]} c2 {[%clk 00:19:29]} {[%emt 00:00:16]}
54. Qd2+ {[%emt 00:01:07]} Ke5 {[%emt 00:00:31]} 55. Qc3+ {[%clk 00:28:14]}
{[%emt 00:01:16]} Kd6 {[%clk 00:19:27]} {[%emt 00:00:18]} 56. Bg6 {[%clk
00:27:49]} {[%emt 00:00:39]} Ke6 {[%clk 00:19:04]} {[%emt 00:00:39]} 57. Bxc2
{[%clk 00:27:33]} {[%emt 00:00:30]} Bxc2 {[%emt 00:00:29]} 58. Qxc2 {[%clk
00:27:29]} {[%emt 00:00:15]} Kd5 {[%clk 00:18:57]} {[%emt 00:00:13]} 59. a4
{[%clk 00:27:17]} {[%emt 00:00:26]} a5 {[%clk 00:18:58]} {[%emt 00:00:15]} 60.
Qd2+ {[%clk 00:27:12]} {[%emt 00:00:20]} Kc5 {[%clk 00:18:43]} {[%emt
00:00:29]} 61. Qxa5+ {[%clk 00:27:02]} {[%emt 00:00:25]} Kd4 {[%clk 00:17:57]}
{[%emt 00:01:01]} 62. Qd2+ {[%clk 00:25:58]} {[%emt 00:01:19]} Kc5 {[%clk
00:17:57]} {[%emt 00:00:15]} 63. Qc3 {[%clk 00:25:59]} {[%emt 00:00:14]} Kd5
{[%clk 00:17:49]} {[%emt 00:00:23]} 64. a5 {[%clk 00:25:57]} {[%emt 00:00:17]}
Kc5 {[%clk 00:17:53]} {[%emt 00:00:11]} 65. a6 {[%clk 00:25:50]} {[%emt
00:00:12]} Kb5 {[%clk 00:17:56]} {[%emt 00:00:20]} 66. a7 {[%clk 00:25:51]}
{[%emt 00:00:15]} Kc5 {[%clk 00:17:53]} {[%emt 00:00:18]} 67. a8=Q {[%clk
00:25:48]} {[%emt 00:00:17]} Kb5 {[%emt 00:00:46]} 68. Qc8 {[%clk 00:25:30]}
{[%emt 00:00:16]} Kb6 {[%clk 00:17:57]} {[%emt 00:00:17]} 69. Qb4+ {[%clk
00:25:14]} {[%emt 00:00:30]} Ka7 {[%clk 00:17:48]} {[%emt 00:00:23]} 70. Qbb7#
{[%emt 00:00:25]} 1-0

[Event "DEM U8 2025"]
[Site "Willingen GER"]
[Date "2025.06.13"]
[Round "6"]
[White "Muradyan, Mark"]
[Black "Stein, Fabian"]
[Result "0-1"]
[Termination "normal"]
[Board "19"]
[WhiteElo "849"]
[BlackElo "1139"]
[WhiteClock "00:54:53"]
[BlackClock "00:50:40"]
[PlyCount "57"]
[EventCountry "GER"]
[EventRounds "7"]
[EventType "swiss"]
[EventDate "2025.06.10"]

1. d4 {[%clk 01:00:29]} {[%emt 00:32:43]} Nf6 {[%clk 01:00:19]} {[%emt
00:00:09]} 2. Nc3 {[%clk 01:00:35]} {[%emt 00:00:11]} d5 {[%clk 01:00:11]}
{[%emt 00:00:23]} 3. Bf4 {[%clk 01:00:38]} {[%emt 00:00:12]} e6 {[%clk
00:59:41]} {[%emt 00:00:44]} 4. e3 {[%clk 01:00:44]} {[%emt 00:00:12]} Bb4
{[%clk 00:59:42]} {[%emt 00:00:08]} 5. a3 {[%clk 01:00:44]} {[%emt 00:00:22]}
Ba5 {[%clk 00:59:35]} {[%emt 00:00:20]} 6. b4 {[%clk 01:00:32]} {[%emt
00:00:29]} Bb6 {[%clk 00:59:36]} {[%emt 00:00:13]} 7. a4 {[%clk 01:00:18]}
{[%emt 00:00:29]} c6 {[%clk 00:58:40]} {[%emt 00:01:06]} 8. a5 {[%clk
01:00:14]} {[%emt 00:00:24]} Bc7 {[%clk 00:58:48]} {[%emt 00:00:06]} 9. Bg5
{[%clk 01:00:03]} {[%emt 00:00:26]} e5 {[%clk 00:58:14]} {[%emt 00:00:49]} 10.
dxe5 {[%clk 00:59:57]} {[%emt 00:00:21]} Bxe5 {[%clk 00:58:19]} {[%emt
00:00:11]} 11. Nf3 {[%clk 00:59:46]} {[%emt 00:00:26]} Bxc3+ {[%clk 00:58:16]}
{[%emt 00:00:18]} 12. Nd2 {[%clk 00:59:08]} {[%emt 00:00:52]} Bxa1 {[%clk
00:58:20]} {[%emt 00:00:11]} 13. Qxa1 {[%clk 00:59:00]} {[%emt 00:00:23]} Bf5
{[%clk 00:57:59]} {[%emt 00:00:25]} 14. Bd3 {[%clk 00:59:12]} {[%emt 00:00:14]}
Bxd3 {[%clk 00:57:49]} {[%emt 00:00:25]} 15. cxd3 {[%clk 00:59:12]} {[%emt
00:00:15]} Nbd7 {[%clk 00:57:41]} {[%emt 00:00:14]} 16. e4 {[%clk 00:59:04]}
{[%emt 00:00:32]} dxe4 {[%clk 00:57:47]} {[%emt 00:00:10]} 17. dxe4 {[%clk
00:58:56]} {[%emt 00:00:23]} Qc7 {[%clk 00:57:04]} {[%emt 00:00:56]} 18. O-O
{[%emt 00:00:33]} O-O {[%emt 00:00:10]} 19. Nc4 {[%clk 00:57:56]} {[%emt
00:00:32]} Ng4 {[%clk 00:56:18]} {[%emt 00:00:59]} 20. g3 {[%clk 00:57:51]}
{[%emt 00:00:23]} b5 {[%clk 00:53:46]} {[%emt 00:02:46]} 21. Be7 {[%clk
00:56:55]} {[%emt 00:01:12]} Rfe8 {[%clk 00:52:03]} {[%emt 00:01:56]} 22. Bd6
{[%clk 00:56:42]} {[%emt 00:00:30]} Qd8 {[%clk 00:51:56]} {[%emt 00:00:21]} 23.
Bf4 {[%clk 00:56:33]} {[%emt 00:00:23]} bxc4 {[%clk 00:51:54]} {[%emt
00:00:19]} 24. Rd1 {[%clk 00:55:51]} {[%emt 00:00:56]} Rxe4 {[%clk 00:51:21]}
{[%emt 00:00:49]} 25. Qc3 {[%clk 00:55:29]} {[%emt 00:00:35]} h6 {[%clk
00:50:59]} {[%emt 00:00:35]} 26. Bc1 {[%clk 00:55:38]} {[%emt 00:00:10]} Qf6
{[%clk 00:51:00]} {[%emt 00:00:11]} 27. Rf1 {[%clk 00:55:17]} {[%emt 00:00:39]}
Qxc3 {[%clk 00:50:38]} {[%emt 00:00:37]} 28. Be3 {[%clk 00:54:53]} {[%emt
00:00:38]} Nxe3 {[%clk 00:50:40]} {[%emt 00:00:13]} 29. fxe3 {[%emt 00:02:33]}
0-1